00438nam a2200121Ia 4500008004100000041001200041082001600053100002500069245017600094260002700270300000700297650001200304221030s9999 xx 000 0 und d aEnglish a105.23bInf aInformation Brochure 0aQuality Improvement Programme for Teachers of Engineering Colleges- Advance Admission to Ph.D Degree Programme 2003-2004 Final Admission 2004-2005cby Information Brochure bAICTEaNew Delhic2004 a51 aGeneral